Ο χαμένος στόλος του Γκουανταλκανάλ The lost fleet of Guadalcanal : ξαναζήστε τη ναυμαχία που άλλαξε την πορεία του Β' Παγκοσμίου Πολέμου και ανακαλύψτε τον υγρό τάφο των βυθισμένων πλοίων
Περιγράφει την ναυμαχία που άλλαξε την πορεία του Β' Παγκόσμιου Πολέμου και ανακαλύπτει τον υγρό τάφο των βυθισμένων πλοίων.
Αποθηκεύτηκε σε:
| Συγγραφή απο Οργανισμό/Αρχή: | |
|---|---|
| Άλλοι συγγραφείς: | |
| Μορφή: | |
| Γλώσσα: | English Greek |
| Δημοσίευση: |
[Washington D.C.] : Αθήνα :
National Geographic Society, Διανομή Home Video Hellas,
1993.
|
| Σειρά: | National Geographic Video
|
| Θέματα: | |
| Ετικέτες: |
Προσθήκη ετικέτας
Δεν υπάρχουν, Καταχωρήστε ετικέτα πρώτοι!
|
MARC
| LEADER | 00000cgm a2200000 i 4500 | ||
|---|---|---|---|
| 001 | 1/66866 | ||
| 008 | 041126s1993####us ||| | || ||eng|| | ||
| 035 | |l 10075476 | ||
| 040 | |a GR-MY-UA |b gre |e aacr | ||
| 041 | 0 | |a eng |j gre | |
| 082 | 0 | |a 910.9 |2 (22) | |
| 245 | 1 | 2 | |a Ο χαμένος στόλος του Γκουανταλκανάλ |h [μαγνητοσκόπηση] = |b The lost fleet of Guadalcanal : ξαναζήστε τη ναυμαχία που άλλαξε την πορεία του Β' Παγκοσμίου Πολέμου και ανακαλύψτε τον υγρό τάφο των βυθισμένων πλοίων / |c παραγωγή, σκηνοθεσία : Robert Kenner ; National Geographic Society. |
| 246 | 1 | |i Παράλληλος τίτλος: |a The lost fleet of Guadalcanal | |
| 260 | |a [Washington D.C.] : |a Αθήνα : |b National Geographic Society, |b Διανομή Home Video Hellas, |c 1993. | ||
| 300 | |a 1 βιντεοκασέτα (60 λεπτ.) : |b ομιλ., έγχρ. ; |c 1/2 ίν. | ||
| 490 | 1 | |a National Geographic Video | |
| 508 | |a Παραγωγή της National Geographic Explorer. National Geographic Society; Αντιπρόεδρος τηλεόρασης Tim Kelly; Εκτέλεση παραγωγής Nicholas Noxon, Michael Rosenfeld, Tom Simon; | ||
| 511 | 0 | |a Αφηγητής: Stasy Keach. | |
| 520 | |a Περιγράφει την ναυμαχία που άλλαξε την πορεία του Β' Παγκόσμιου Πολέμου και ανακαλύπτει τον υγρό τάφο των βυθισμένων πλοίων. | ||
| 538 | |a VHS format. | ||
| 650 | 0 | 0 | |a Discoveries in geography. |
| 650 | 0 | 0 | |a Guadalcanal, Battle of, Solomon Islands, 1942-1943. |
| 650 | 0 | 0 | |a World War, 1939-1945 |x Campaigns |z Solomon Islands. |
| 650 | 0 | 0 | |a World War, 1939-1945 |x Naval operations |z American. |
| 700 | 0 | |a Kenner, Robert. |4 pro | |
| 710 | 2 | |a National Geographic Society (U.S.) | |
| 830 | 0 | |a National Geographic Video | |
| 852 | |a INST |b LESVOS |c AV |e 20041126 |h 910.9 ΧΑΜ |p 005100028073 |q 005100028073 |t VC |y 23 | ||
| 852 | |a INST |b RHODES |c AV |e 20050211 |h 910.9 ΧΑΜ |p 005400017837 |q 005400017837 |t VC |y 23 | ||
| 901 | |a BIBL1-2004-3 | ||
| 901 | |a BIBL4-2005-1 | ||
| 909 | |a Λ |b 115455 | ||
| 909 | |a Ρ |b 042867 | ||
| 922 | |a 1ΕΛΗ |b 199303 |c ΤΑΚ/ΚΥΒ | ||
| 922 | |a 4ΕΛΗ |b 199604 |c ΒΙΒΛΙΟΘΗΚΗ | ||
| 970 | |a ΜΑΡΙΝΑΤΟΥ |b ΜΥΡΣΙΝΗ |z 2004/11/26 | ||